Music Quiz

Random Music Quiz

Lift Every Voice and Sing Quiz Stats

 Plays Quiz not verified by Sporcle

Challenge
Share
Tweet
Embed
Score 0/77 Timer 03:00
0 Plays Today
% Correct
Lift
100%
every
97%
voice
93.9%
and
93.9%
sing
93.9%
and
93.9%
the
93.9%
the
93.9%
the
93.9%
Sing
93.9%
a
93.9%
the
93.9%
the
93.9%
Sing
93.9%
a
93.9%
the
93.9%
the
93.9%
the
93.9%
ring
87.9%
ring
87.9%
of
87.9%
liberty
87.9%
song
87.9%
of
87.9%
song
87.9%
of
87.9%
of
87.9%
Earth
84.8%
heaven
84.8%
us
84.8%
us
84.8%
us
84.8%
till
81.8%
with
81.8%
Let
81.8%
Let
81.8%
full
81.8%
full
81.8%
Let
81.8%
% Correct
march
81.8%
till
81.8%
won
81.8%
that
78.8%
that
78.8%
on
78.8%
victory
78.8%
high
75.8%
is
75.8%
harmonies
72.7%
our
72.7%
rise
72.7%
as
72.7%
as
72.7%
has
72.7%
taught
72.7%
hope
72.7%
has
72.7%
brought
72.7%
our
72.7%
faith
69.7%
rejoicing
66.7%
skies
66.7%
dark
66.7%
day
66.7%
listening
63.6%
rolling
63.6%
sea
63.6%
new
63.6%
begun
63.6%
resound
60.6%
loud
60.6%
past
60.6%
sun
60.6%
present
57.6%
rising
57.6%
it
54.5%
Facing
48.5%

You're not logged in!

Compare scores with friends on all Sporcle quizzes.
OR
Log In

You Might Also Like...

Show Comments

Extras

Created Jan 20, 2012ReportNominate
Tags:anthem, black, lift, national, sing, voice

Top Quizzes Today


Score Distribution

Your Account Isn't Verified!

In order to create a playlist on Sporcle, you need to verify the email address you used during registration. Go to your Sporcle Settings to finish the process.

Report this User

Report this user for behavior that violates our Community Guidelines.

Details: